00913nam a2200253 i 450000100060000000300090000600500170001500700030003200800410003510000380007624500680011426000350018230000200021749000330023753400660027065100450033665100330038165500330041483000410044785200230048894200080051199900170051995201230053634888ES-MaACL20251003063051.0t|030211s1979 sp |||| | spa d1 aBoix, Vicente, d1813-188092990010aHistoria de la ciudad y reino de Valencia / cpor Vicente Boix. aValencia : bAlbatros, c1979. a3 v. ; c24 cm.1 aBiblioteca valentina ; v3-5 pReprod. facs. de la ed. de: cValencia: Benito Monfort, 1845. 4aComunidad Valenciana-xHistoria.9153487 4aValencia-xHistoria.9153488 72tgfbne9226495aFacsímiles0 aBiblioteca valentina ; v3-59226664 aES-MaACLjL-391-93 2udc c34888d34888 00104070aATENEOMbATENEOMcDEPO2d2008-01-17eSCl0oL-391-93p1036434r2023-02-23 00:00:00w2023-02-23yMONOGRAFIA